| 000 | 00675nam a2200229Ia 4500 | ||
|---|---|---|---|
| 001 | 12635 | ||
| 003 | GE_BSU | ||
| 008 | 181216s||||||||xx |||||||||||||| ||und|| | ||
| 040 | _cGE_BSU | ||
| 080 | _a586.635.971 | ||
| 100 | _aКолесников,А.И. | ||
| 245 | _aДекоративная дендрология | ||
| 245 | _cРед.Г.В.Фридберг | ||
| 260 | _aМосква | ||
| 260 | _bГосиздат | ||
| 260 | _c1960 | ||
| 300 | _a674стр.30см. | ||
| 300 | _cУказатель латинских названии растении стр.667 | ||
| 541 | _h3Л.50Т. | ||
| 653 | _aДекоративная дендрология | ||
| 942 | _cBK | ||
| 999 |
_c45807 _d45807 |
||